| 000 | 01196cad a22002175a 4500 | ||
|---|---|---|---|
| 001 | L148672 | ||
| 008 | 091019s2009 xxkbd f s 000 0 eng d | ||
| 035 | _a(Sirsi) u148672 | ||
| 041 | 0 | _aeng | |
| 050 | 0 | 4 | _a711.52 $2 18 |
| 110 | 2 |
_aInvestment Property Databank _92288 |
|
| 245 | 0 | 0 |
_aIPD regeneration index _bAutumn 2009 _h[electronic resource] |
| 260 |
_aLondon _bIPD _c2009 |
||
| 520 | _aThe IPD Regeneration Index All Property total return fell to -22.6% in 2008. Offices remain attractive, returning -19.4% in regeneration areas compared to -20.1% in the broader UK index. Total returns for office property in regeneration areas have consistently exceeded the IPD UK average over the last five and 10 years. IPD Regeneration Index is based on a sample of 565 properties and contains a variety of statistical reports in addition to market commentary. | ||
| 521 | _aAdvanced | ||
| 590 | _aKA NTK | ||
| 651 | 4 |
_aUnited Kingdom _y |
|
| 690 | _aPROPERTY-COMMERCIAL PROPERTY-COMMERCIAL PROPERTY FINANCE AND INVESTMENT | ||
| 856 | 4 | 0 |
_uhttps://www.ipd.com/OurProducts/Indices/UnitedKingdom/UKRegeneration/tabid/1008/Default.aspx _zView the index free of charge at www.ipd.com... |
| 942 | _n0 | ||
| 999 |
_c110158 _d110158 |
||